00502cam a22002057a 4500003000500000005001700005008004100022010001000063011001000073035001000083040000900093082001400102100002000116245002900136260005300165300002000218490002300238650001200261830002300273CHAP20220817042725.0971013s1951 r 00010 d a53537 a54509 a58660 cCHAP a551.1bR800aRudaux, Lucien.13aLa terre et son histoire aParis :bPresses Universitaries de France,c1951 a127 p.b; ilus. 0aQue sais-Je?v; 1614aTierra.0 aQue sais Je?v; 16